Education in emerging Indian society / (Record no. 15347)

MARC details
000 -LEADER
fixed length control field 00942nam a22002537a 4500
005 - DATE AND TIME OF LATEST TRANSACTION
control field 20080905095434.0
008 - FIXED-LENGTH DATA ELEMENTS--GENERAL INFORMATION
fixed length control field 080905t xxu||||| |||| 00| 0 eng d
010 ## - LCCN (DPL NO)
LC control number ENG-90931
020 ## - INTERNATIONAL STANDARD BOOK NUMBER
International Standard Book Number 9788178803906
Terms of availability 600.00
035 ## - SYSTEM CONTROL NUMBER
System control number EN-74464
037 ## - SOURCE OF ACQUISITION
Source of stock number/acquisition DBAD / PUB
040 ## - CATALOGING SOURCE
Original cataloging agency DPl
Language of cataloging English
082 ## - DEWEY DECIMAL CLASSIFICATION NUMBER
Classification number 370.954
100 ## - MAIN ENTRY--PERSONAL NAME
Personal name Sharma ,Suresh
245 ## - TITLE STATEMENT
Title Education in emerging Indian society /
Statement of responsibility, etc by Suresh Sharma
260 ## - PUBLICATION, DISTRIBUTION, ETC. (IMPRINT)
Place of publication, distribution, etc New Delhi
Name of publisher, distributor, etc Rajat Publications
Date of publication, distribution, etc 2008
270 ## - ADDRESS
Address 4675/21,Ansari Road, Darya Ganj,
City New Delhi
Postal code 110002
Telephone number 23267924,22507277
300 ## - PHYSICAL DESCRIPTION
Extent 272p.
Dimensions 22 cm (Hb)
500 ## - GENERAL NOTE
General note Includes bibliographical references and Index
650 ## - SUBJECT ADDED ENTRY--TOPICAL TERM
Topical term or geographic name as entry element Education
Geographic subdivision India
650 ## - SUBJECT ADDED ENTRY--TOPICAL TERM
Topical term or geographic name as entry element Educational change
Geographic subdivision India
942 ## - ADDED ENTRY ELEMENTS (KOHA)
Source of classification or shelving scheme Dewey Decimal Classification
Item type English Books
Classification part 370.954
Call number suffix SHA
Holdings
Withdrawn status Lost status Damaged status Not for loan Collection code Home library Current library Date acquired Cost, normal purchase price Total Checkouts Full call number Barcode Date last seen Copy number Cost, replacement price Koha item type
      Not For Loan Non-fiction D.B.Act.Division D.B.Act.Division 05/09/2008 600.00   370.954 SHA EN-74464 15/09/2008 1 600.00 English Books

© Delhi Public Library
Hit Counter
free hit counter